000 00679cam a22002172 4500
001 0000012140
005 20151217152107.0
008 090208s xx 000 0 eng d
020 _a0421924307 :
040 _aKABU
_cKABU
100 1 _aWallace, Rebecca.
_@0000168343
245 1 0 _aInternational law in a nutshell /
_cRebecca Wallace and Anne Holliday.
250 _a1st ed.
260 _aLondon :
_bSweet & Maxwell,
_c2006.
300 _axiii, 149 p.
650 0 _aInternational law
_xOutlines, syllabi, etc.
_@0000168344
700 1 _aHolliday, Anne.
_@0000168345
852 1 _9p1650 KES
908 _a090208
950 _@1
999 _c8186
_d8186